| 000 | 00584nam a2200157 4500 | ||
|---|---|---|---|
| 999 |
_c5911 _d5911 |
||
| 008 | 161129b xxu||||| |||| 00| 0 eng d | ||
| 022 | _a16551516 | ||
| 082 | _aDPer 330.5 P53 June-Dec 2014 V. 51, n. 1 & 2 | ||
| 100 |
_917907 _aFabella, Raul V. |
||
| 245 |
_aComprehensive Agrarian Reform Program (CARP): _btime to let go/ _cRaul V. Fabella. |
||
| 260 |
_aPhilippines: _bUP School of Economics/ The Phil. Economic Society, _c©2014. |
||
| 300 |
_aV51 n1, pages 1-18; _c24 cm. |
||
| 500 | _aPhilippine review of economics. | ||
| 650 | 0 |
_917908 _aLand reform |
|
| 942 |
_2ddc _cPER |
||